000 00271nam a22001217a 4500
008 170215b xxu||||| |||| 00| 0 eng d
041 _aeng
080 _213TH
_a61
100 _a4
101 _aSHM
245 _aPRINCIPLES OF HUMAN PHYSIOLOGY
_cDAVSON, H
942 _2udc
_cBK
999 _c5589
_d5589